| 000 | 01006cam a2200313 i 4500 | ||
|---|---|---|---|
| 999 |
_c200443124 _d61336 |
||
| 003 | TR-AnTOB | ||
| 005 | 20230919001313.0 | ||
| 007 | ta | ||
| 008 | 950202s1969 tu 000 0 tur | ||
| 010 | _a 95111925 | ||
| 040 |
_aDLC _beng _erda _cDLC _dTR-AnTOB |
||
| 041 | 0 | _atur | |
| 050 | 0 | 4 |
_aHD7211.93 _b.Y39 1969 |
| 090 |
_aHD7211.93 _b.Y39 1969 |
||
| 100 |
_aYazgan, Turan _eauthor _956364 |
||
| 245 | 1 | 0 |
_aTürkiye'de sosyal güvenlik sistemi / _cyazan, Turan Yazgan. |
| 264 | 1 |
_aBeyoğlu, İstanbul : _bİktisadi Araştırmalar Vakfı, _c[1969] |
|
| 300 |
_aiii, 97 pages ; _c22 cm |
||
| 336 |
_2rdacontent _atext _btxt |
||
| 337 |
_2rdamedia _aunmediated _bn |
||
| 338 |
_2rdacarrier _avolume _bnc |
||
| 490 | 0 |
_aİktisadı̂ Araştırmalar Vakfı ; _v21-1969 |
|
| 650 | 7 |
_aSosyal güvenlik _zTürkiye _2etuturkob _96511 |
|
| 710 | 2 |
_aİktisadi Araştırmalar Vakfı (Turkey) _927529 |
|
| 942 |
_2lcc _cBK |
||